000 01221 a2200277 4500
003 OSt
005 20260203112837.0
008 120606t xxu||||| |||| 00| 0 eng d
010 _a 2004065582
020 _a0262195216 (alk. paper)
020 _a0262693224 (cover)
040 _c0
082 0 0 _a720.922
100 1 _aSadler, Simon.
_9133059
245 1 0 _aArchigram :
_barchitecture without architecture /
_cSimon Sadler.
246 3 0 _aArchitecture without architecture
260 _aCambridge, Mass. :
_bMIT Press,
_cc2005.
300 _ax, 242 p. :
_bill.
_c23 cm.
505 0 _aA new generation: Archigram's formation and its context -- The living city: pop urbanism circa 1963 -- Beyond architecture: indeterminacy, systems, and the dissolution of buildings -- The zoom wave: Archigram's teaching and reception -- Conclusions.
610 2 0 _aArchigram (Group)
_xCriticism and interpretation.
_9133060
650 1 0 _aArchitecture
_zEngland
_xHistory
_y20th century.
_9120388
650 1 0 _aAvant-garde (Aesthetics)
_zEngland
_xHistory
_y20th century.
_9133061
710 2 _aArchigram (Group)
_933691
942 _aSADA
_cBK
_k720.922 SAD 2005
_2ddc
999 _c353116
_d353116